000 00397nam a2200169Ia 4500
001 24744
005 20260414151104.0
008 260414t2021||||xx |||||||||||||| ||spa||
041 _aESP
082 _a345.731
_bP72F
245 0 _aLa función notarial del juez de paz
_b
260 _c2021
300 _a114 páginas :
_c28 cm.
650 _aDER
654 _aCDE
942 _cLIB
_dJUS
_fJUS
_2ddc
_n
999 _c24744
_d24744